000 00907nam a2200301Ia 4500
001 14787
003 IT-RoPAU
008 130308s9999 xx 000 0 und d
040 _aIT-RoPAU
040 _cIT-RoPAU
041 _aITALIANO
100 _aToporov Vladimir Nikolaevic
100 _gCodice Aut. SPICS: 676
245 _aStrutture dei livelli inferiori in poesia (Le)
245 _bSistemi di segni e Lo Strutturalismo sovietico (I)
250 _a1a ed.
260 _aMILANO
260 _bBompiani
260 _c1969 [1° Ed.:1969 - Ed.Ling.Originale:1965]
300 _a"16 p. (prefazione: no ; testo: 16 [pagine: 113-128])"
500 _aStruttura Vocalica di Due Poesie di Rilke Struttura di una Poesia di Verlaine Simbolismo Fonetico dei Suoni
650 _aSEMIOLOGIA
650 _eCodice materia Spics: 3251
942 _cBK
957 _71
999 _c41299
_d41299
999 _bSI
999 _g1